Online
Catalog

Apuntes en torno a la mitología de los IndiosTaínos de las Antillas Mayores y sus oríngenes suramericanos / (Record no. 27431)

MARC details
000 -CABECERA
campo de control de longitud fija 00888nam a2200181 a 4500
001 - NÚMERO DE CONTROL
campo de control 000027939
005 - FECHA Y HORA DE LA ÚLTIMA TRANSACCIÓN
campo de control 20200930031222.0
008 - DATOS DE LONGITUD FIJA--INFORMACIÓN GENERAL
campo de control de longitud fija 110405s1978 dr a 000 0 spa d
020 ## - NÚMERO INTERNACIONAL ESTÁNDAR DEL LIBRO
Número Internacional Estándar del Libro 8449900948
040 ## - FUENTE DE LA CATALOGACIÓN
Centro catalogador/agencia de origen DO-SdBNP
Lengua de catalogación spa
Centro/agencia transcriptor BNPHU
049 ## - FONDOS LOCALES (OCLC)
Fondos de biblioteca BNPD
100 1# - ENTRADA PRINCIPAL--NOMBRE DE PERSONA
Nombre de persona Alegría, Ricardo E.
9 (RLIN) 16236
245 10 - MENCIÓN DE TÍTULO
Título Apuntes en torno a la mitología de los IndiosTaínos de las Antillas Mayores y sus oríngenes suramericanos /
Mención de responsabilidad, etc. Ricardo E. Alegría.
260 ## - PUBLICACIÓN, DISTRIBUCIÓN, ETC.
Lugar de publicación, distribución, etc. Santo Domingo :
Nombre del editor, distribuidor, etc. Estudios Avanzados de Puerto Rico y El Caribe
-- Museo del Hombre Dominicano,
Fecha de publicación, distribución, etc. 1978.
300 ## - DESCRIPCIÓN FÍSICA
Extensión 178 p. :
Otras características físicas il. ;
Dimensiones 22 cm.
504 ## - NOTA DE BIBLIOGRAFÍA, ETC.
Nota de bibliografía, etc. Bibliografía : p. 161-178
505 2# - NOTA DE CONTENIDO CON FORMATO
Nota de contenido con formato Fray Ramón Pané y la mitología antillana -- El estudio de la mitología del trópico sumarinno -- El origne de la humanidad -- Los orígenes de la mujer -- Los gemelos divinos -- La gran inundación -- Conclusiones -- Bibliografía.
Holdings
Estado de retiro Estado de pérdida Restricciones de uso No para préstamo Código de colección Localización permanente Ubicación/localización actual Ubicación en estantería Fecha de adquisición Número de inventario Total de préstamos Signatura topográfica completa Código de barras Fecha visto por última vez Número de copia Precio válido a partir de Tipo de ítem Koha
        Dominicana de Servicio General General Depósito 25.04.2013 LF1   27939-30 25.06.2020 e. 3 25.06.2020 Libro y Folleto Colección Dominicana de Servicio
      Excluido de préstamo Patrimonio Dominicano Patrimonio Dominicano Patrimonio Dominicano Depósito 05.04.2011 LF1   27939-10 25.06.2020   25.06.2020 Libro y Folleto Colección Patrimonio Dominicano
      Excluido de préstamo Patrimonio Dominicano Patrimonio Dominicano Patrimonio Dominicano Depósito 25.04.2013 LF1   27939-20 25.06.2020 e. 2 25.06.2020 Libro y Folleto Colección Patrimonio Dominicano

Powered by Koha